[Event "POL-chT4B 0910"]
[Site "Wielkoposka"]
[Date "2010.03.07"]
[Round "8"]
[White "Mlynarczyk, Dariusz"]
[Black "Dixa, Stanislaw"]
[Result "1-0"]
[WhiteElo "2007"]
[BlackElo "1654"]
[PlyCount "73"]
[EventDate "2010.01.10"]
[EventType "team-tourn"]
[EventRounds "9"]
[EventCountry "POL"]
[SourceTitle "EXT 2019"]
[Source "ChessBase"]
[SourceDate "2018.10.10"]
[SourceVersion "1"]
[SourceVersionDate "2018.10.10"]
[SourceQuality "1"]
[WhiteTeam "Turek Tecza"]
[BlackTeam "Kalisz KTS"]
[WhiteTeamCountry "POL"]
[BlackTeamCountry "POL"]

1. e4 c5 2. Nf3 e6 3. d4 cxd4 4. Nxd4 a6 5. Nc3 Qc7 6. Be2 Nf6 7. a3 b5 8. Bf3 Bb7 9. 0-0 Nc6 10. Bg5 Be7 11. Re1 d6 12. Bxf6 Bxf6 13. Ndxb5 axb5 14. Nxb5 Qd7 15. Nxd6+ Ke7 16. Nxb7 Qxb7 17. e5 Bxe5 18. Bxc6 Bxh2+ 19. Kxh2 Qxc6 20. Qd4 Rhd8 21. Qh4+ f6 22. c4 h6 23. Rad1 g5 24. Qg4 h5 25. Qe2 Rdc8 26. c5 e5 27. b4 h4 28. Rd6 Qe8 29. Qf3 Qg6 30. Rxe5+ Kf7 31. Ree6 Kg7 32. Rxf6 Qe8 33. Qb7+ Kg8 34. Rg6+ Qxg6 35. Rxg6+ Kf8 36. Qg7+ Ke8 37. Re6+ 1-0

[Event "POL-chT 2nd League"]
[Site "Wysowa"]
[Date "2003.09.10"]
[Round "6"]
[White "Banasik, Henryk"]
[Black "Mlynarczyk, Dariusz"]
[Result "1-0"]
[WhiteElo "2168"]
[BlackElo "2113"]
[PlyCount "63"]
[EventDate "2003.09.06"]
[EventType "team-swiss"]
[EventRounds "11"]
[EventCountry "POL"]
[SourceTitle "CBM 096 Extra"]
[Source "ChessBase"]
[SourceDate "2003.10.22"]
[SourceVersion "2"]
[SourceVersionDate "2003.10.20"]
[SourceQuality "1"]
[WhiteTeam "Bytom Szombierki"]
[BlackTeam "Turek Tecza"]
[WhiteTeamCountry "POL"]
[BlackTeamCountry "POL"]

1. e4 d6 2. d4 g6 3. Nc3 Bg7 4. Nf3 Nf6 5. Be2 c6 6. 0-0 0-0 7. Re1 b5 8. a3 Bb7 9. e5 Ne8 10. Bf4 a6 11. Qd2 dxe5 12. Nxe5 c5 13. d5 f6 14. Nd3 Nd7 15. b4 Rc8 16. Be3 cxb4 17. axb4 Nb6 18. Nc5 Bxd5 19. Rxa6 f5 20. Nxd5 Nxd5 21. Ne6 Bc3 22. Qc1 Qd7 23. Nxf8 Qb7 24. Ra7 Qc6 25. Rd1 Kxf8 26. Bf3 Nef6 27. Bc5 Qe6 28. Qa3 Ne4 29. Qb3 Rd8 30. Bxe7+ Nxe7 31. Rxd8+ Kf7 32. Rf8+ 1-0

[Event "POL-chT 2nd League"]
[Site "Wysowa"]
[Date "2003.09.10"]
[Round "7"]
[White "Mlynarczyk, Dariusz"]
[Black "Halas, Przemyslaw"]
[Result "1/2-1/2"]
[WhiteElo "2113"]
[BlackElo "2158"]
[PlyCount "78"]
[EventDate "2003.09.06"]
[EventType "team-swiss"]
[EventRounds "11"]
[EventCountry "POL"]
[SourceTitle "CBM 096 Extra"]
[Source "ChessBase"]
[SourceDate "2003.10.22"]
[SourceVersion "2"]
[SourceVersionDate "2003.10.20"]
[SourceQuality "1"]
[WhiteTeam "Turek Tecza"]
[BlackTeam "Swiecie Gambit"]
[WhiteTeamCountry "POL"]
[BlackTeamCountry "POL"]

1. e4 e5 2. Nf3 Nf6 3. Nc3 Nc6 4. Bb5 Bb4 5. d3 Nd4 6. Ba4 b5 7. Bb3 d6 8. h3 Be6 9. Bxe6 Nxe6 10. Bd2 Bxc3 11. Bxc3 0-0 12. Bd2 h6 13. 0-0 Kh7 14. Nh2 g5 15. g3 Rg8 16. Ng4 Nxg4 17. Qxg4 Qf6 18. Be3 a6 19. Kh2 c5 20. a4 Qg6 21. axb5 axb5 22. Rxa8 Rxa8 23. f4 gxf4 24. gxf4 exf4 25. Bxf4 Qxg4 26. hxg4 Nxf4 27. Rxf4 Ra2 28. Rxf7+ Kg6 29. Rd7 Rxb2 30. Rxd6+ Kg7 31. Kg3 Rxc2 32. Kf4 c4 33. dxc4 bxc4 34. Rc6 c3 35. Ke3 Rc1 36. Kd3 Rd1+ 37. Ke2 Rg1 38. Rxc3 Rxg4 39. Kf3 h5 1/2-1/2

[Event "POL-chT 2nd League"]
[Site "Wysowa"]
[Date "2003.09.07"]
[Round "2"]
[White "Wolodko, Adam"]
[Black "Mlynarczyk, Dariusz"]
[Result "0-1"]
[WhiteElo "2008"]
[BlackElo "2113"]
[PlyCount "128"]
[EventDate "2003.09.06"]
[EventType "team-swiss"]
[EventRounds "11"]
[EventCountry "POL"]
[SourceTitle "CBM 096 Extra"]
[Source "ChessBase"]
[SourceDate "2003.10.22"]
[SourceVersion "2"]
[SourceVersionDate "2003.10.20"]
[SourceQuality "1"]
[WhiteTeam "Ostroda Kormoran"]
[BlackTeam "Turek Tecza"]
[WhiteTeamCountry "POL"]
[BlackTeamCountry "POL"]

1. e4 d6 2. d4 g6 3. f4 Bg7 4. Nc3 c5 5. Nf3 cxd4 6. Nxd4 Nc6 7. Nf3 Nf6 8. Bc4 Qb6 9. Qe2 Bg4 10. Bb5 0-0 11. Be3 Qa5 12. 0-0 Qb4 13. Bxc6 bxc6 14. Bc1 Rab8 15. Qd3 Nd7 16. a3 Qb6+ 17. Kh1 Nc5 18. Qc4 a5 19. Nd2 Qa6 20. Qxa6 Nxa6 21. Nb3 Bxc3 22. bxc3 a4 23. Nd4 Bd7 24. Kg1 Nc5 25. Re1 Rfe8 26. g3 d5 27. exd5 cxd5 28. Re5 e6 29. Re3 Rec8 30. Kg2 Ne4 31. Ne2 Bb5 32. Kf3 Bxe2+ 33. Kxe2 Nxc3+ 34. Kd3 Ne4 35. Ra2 Rb1 36. Re1 Rc3+ 37. Ke2 Rc4 38. Bd2 Nxd2 39. Kxd2 Rxe1 40. Kxe1 h5 41. Kd2 h4 42. Rb2 hxg3 43. hxg3 Kf8 44. Rb7 g5 45. fxg5 Rg4 46. c3 Rxg5 47. Rb4 Rxg3 48. Rxa4 Kg7 49. Ra7 Kg6 50. a4 f6 51. a5 Rg2+ 52. Ke3 Ra2 53. a6 Kf5 54. Ra8 Ra3 55. Kd4 Ra5 56. a7 e5+ 57. Ke3 Ra3 58. Kd2 Ke4 59. Rf8 Rxa7 60. Rxf6 Ra2+ 61. Kc1 Kd3 62. Rf3+ Kc4 63. Re3 e4 64. Kb1 Rd2 0-1

[Event "POL-chT13 DMP 2 liga corr"]
[Site "Poland"]
[Date "2000.??.??"]
[Round "?"]
[White "Dolinski, Piotr"]
[Black "Mlynarczyk, Dariusz"]
[Result "1/2-1/2"]
[WhiteElo "2142"]
[BlackElo "2000"]
[PlyCount "39"]
[EventDate "2000.??.??"]
[EventType "team (corr)"]
[EventRounds "14"]
[EventCountry "POL"]
[SourceTitle "Corr 2004"]
[Source "ChessBase"]
[SourceDate "2003.04.28"]
[SourceVersion "3"]
[SourceVersionDate "2003.04.28"]
[SourceQuality "1"]

1. e4 e5 2. f4 d5 3. exd5 e4 4. d3 Nf6 5. dxe4 Nxe4 6. Nf3 Bc5 7. Qe2 Bf5 8. Nc3 Qe7 9. Be3 Nxc3 10. Bxc5 Qxe2+ 11. Bxe2 Nxe2 12. Kxe2 Na6 13. Bd4 Bxc2 14. Kd2 Be4 15. Rhe1 f5 16. Ng5 0-0 17. Nxe4 fxe4 18. Rxe4 Rad8 19. Re7 Rf7 20. Rxf7 1/2-1/2

[Event "POL-chT13 DMP 2 liga corr"]
[Site "Poland"]
[Date "2000.??.??"]
[Round "?"]
[White "Mlynarczyk, Dariusz"]
[Black "Krzyzanowski, Antoni"]
[Result "0-1"]
[WhiteElo "2000"]
[BlackElo "2122"]
[PlyCount "64"]
[EventDate "2000.??.??"]
[EventType "team (corr)"]
[EventRounds "14"]
[EventCountry "POL"]
[SourceTitle "Corr 2004"]
[Source "ChessBase"]
[SourceDate "2003.04.28"]
[SourceVersion "3"]
[SourceVersionDate "2003.04.28"]
[SourceQuality "1"]

1. e4 c5 2. c3 d5 3. exd5 Qxd5 4. d4 Nf6 5. Nf3 Bg4 6. Be2 e6 7. 0-0 Nc6 8. Na3 cxd4 9. Nb5 0-0-0 10. Nfxd4 h5 11. Be3 Bc5 12. Qc2 a6 13. b4 Bxd4 14. Nxd4 Bxe2 15. Nxc6 Qd3 16. Qa4 Bxf1 17. Nxd8 Rxd8 18. Rxf1 Ne4 19. Bd4 Nxc3 20. Bxc3 Qxc3 21. h3 e5 22. Rd1 Rxd1+ 23. Qxd1 Qxb4 24. Qxh5 Qb1+ 25. Kh2 Qxa2 26. Qxe5 Qxf2 27. Qxg7 b5 28. Qe5 Qb6 29. h4 Kd7 30. h5 b4 31. Qg7 Qc7+ 32. Kg1 Qc5+ 0-1

[Event "POL-chT13 DMP 2 liga corr"]
[Site "Poland"]
[Date "2000.??.??"]
[Round "?"]
[White "Zajaczkowski, Jan"]
[Black "Mlynarczyk, Dariusz"]
[Result "1-0"]
[WhiteElo "2319"]
[BlackElo "2000"]
[PlyCount "39"]
[EventDate "2000.??.??"]
[EventType "team (corr)"]
[EventRounds "14"]
[EventCountry "POL"]
[SourceTitle "Corr 2004"]
[Source "ChessBase"]
[SourceDate "2003.04.28"]
[SourceVersion "3"]
[SourceVersionDate "2003.04.28"]
[SourceQuality "1"]

1. c4 Nf6 2. Nc3 g6 3. g3 Bg7 4. d4 d6 5. Bg2 0-0 6. Nf3 Nbd7 7. 0-0 e5 8. e4 exd4 9. Nxd4 Ne5 10. b3 Bg4 11. f3 Bd7 12. Be3 Qc8 13. Qc2 Bh3 14. Rad1 Bxg2 15. Qxg2 a6 16. h3 Ne8 17. f4 Nc6 18. Nd5 Qd7 19. e5 dxe5 20. Nxc6 1-0

[Event "POL-chT9 B6 corr"]
[Site "Poland"]
[Date "1992.??.??"]
[Round "?"]
[White "Chmiel, Tadeusz"]
[Black "Mlynarczyk, Dariusz"]
[Result "1/2-1/2"]
[WhiteElo "2185"]
[BlackElo "2000"]
[PlyCount "61"]
[EventDate "1992.??.??"]
[EventType "tourn (corr)"]
[EventRounds "10"]
[EventCountry "POL"]
[SourceTitle "Corr 2000"]
[Source "ChessBase"]
[SourceDate "2000.04.19"]
[SourceVersion "1"]
[SourceVersionDate "2000.04.19"]
[SourceQuality "1"]

1. e4 e5 2. Nf3 Nc6 3. Bb5 a6 4. Ba4 Nf6 5. 0-0 b5 6. Bb3 Bb7 7. c3 Nxe4 8. d4 Be7 9. Re1 d5 10. dxe5 Na5 11. Bc2 0-0 12. Nbd2 Nc4 13. Qe2 Nc5 14. Nd4 Bg5 15. e6 fxe6 16. Nxe6 Nxe6 17. Qxe6+ Rf7 18. Bxh7+ Kf8 19. Nf3 Bxc1 20. Raxc1 Qf6 21. Qg4 d4 22. cxd4 Bxf3 23. Qxf3 Qxf3 24. gxf3 Nxb2 25. Rc6 Rd8 26. Rxa6 Rxf3 27. Rae6 Nc4 28. Rc6 Rf6 29. Rxc7 Rxd4 30. a4 Nd2 31. Rc8+ 1/2-1/2

[Event "POL-chT9 B6 corr"]
[Site "Poland"]
[Date "1992.??.??"]
[Round "?"]
[White "Mlynarczyk, Dariusz"]
[Black "Ciruk, Arkadiusz"]
[Result "1/2-1/2"]
[WhiteElo "2000"]
[BlackElo "2200"]
[PlyCount "113"]
[EventDate "1992.??.??"]
[EventType "tourn (corr)"]
[EventRounds "10"]
[EventCountry "POL"]
[SourceTitle "Corr 2000"]
[Source "ChessBase"]
[SourceDate "2000.04.19"]
[SourceVersion "1"]
[SourceVersionDate "2000.04.19"]
[SourceQuality "1"]

1. e4 e5 2. Nf3 Nc6 3. Bb5 a6 4. Ba4 Nf6 5. 0-0 Be7 6. Re1 b5 7. Bb3 d6 8. c3 0-0 9. d4 Bg4 10. Be3 exd4 11. cxd4 d5 12. e5 Ne4 13. h3 Bh5 14. Nc3 Nxc3 15. bxc3 Qd7 16. Bf4 Na5 17. Bc2 Nc4 18. Qb1 Na3 19. Bxh7+ Kh8 20. e6 Qe8 21. Qd3 Bxf3 22. gxf3 g6 23. exf7 Qxf7 24. Bxg6 Qxf4 25. Re5 Bg5 26. Rxd5 Rad8 27. Rc5 Nc4 28. Re1 Nd2 29. Bh5 Rd7 30. Ree5 Rg7 31. Rf5 Rxf5 32. Rxf5 Qd6 33. Bg4 Nc4 34. Qe4 Qd8 35. Qc6 Qd6 36. Qe8+ Rg8 37. Qh5+ Bh6 38. Rd5 Qg6 39. Qxg6 Rxg6 40. Rc5 c6 41. a4 Bf8 42. Rh5+ Kg7 43. axb5 cxb5 44. Kf1 Rb6 45. Ke2 Kg6 46. Rd5 Rc6 47. Bf5+ Kf6 48. Be4 Rc7 49. Rd8 Kg7 50. h4 Nb6 51. h5 Be7 52. Rb8 Na4 53. Ra8 Kh6 54. Rh8+ Kg7 55. Ra8 Kh6 56. Rh8+ Kg7 57. Ra8 1/2-1/2